00000000cam 2200000zi 4500
0019.871912
003CaOODSP
00520260216100547
006m     o  d f      
007cr |||||||||||
008190423t20192019onc     o    f000 0 fre d
020 |a9780660306384
040 |aCaOODSP|bfre|erda|cCaOODSP
043 |an-cn---
0861 |aH164-275/2019F-PDF
24500|aPolitique de gestion des demandes d’homologation de produits de santé naturels.
250 |a[Édition de 2019].
264 1|a[Ottawa] : |bSanté Canada = Health Canada, |c2019.
264 4|c©2019
300 |a1 ressource en ligne (47 pages)
336 |atexte|btxt|2rdacontent/fre
337 |ainformatique|bc|2rdamedia/fre
338 |aressource en ligne|bcr|2rdacarrier/fre
500 |aPublié aussi en anglais sous le titre : Natural health products management of applications policy.
500 |aTitre de la couverture.
500 |a« Date d'adoption 2019-04-12; date d'entrée en vigueur 2019-06-01. »
650 6|aProduits de santé naturels|xPolitique gouvernementale|zCanada.
650 6|aProduits de santé naturels|xSécurité|xRèglements|zCanada.
7101 |aCanada. |bSanté Canada, |eorganisme de publication.
77508|tNatural health products management of applications policy.|w(CaOODSP)9.871911
794 |tPolitique de gestion des demandes d'homologation de produits de santé naturels.|b[Édition de 2025]|w(CaOODSP)9.957330
85640|qPDF|s823 Ko|uhttps://publications.gc.ca/collections/collection_2019/sc-hc/H164-275-2019-fra.pdf
986 |aPub. : 190009